Practical english usage

Bibliographic Details
Main Author: Swan, Michael, 1936- (Author)
Format: Book
Language:Undetermined
PhysicalDescription:xxiv, 639 častí
Published: Oxford Oxford Univ. Press 1981

MARC

LEADER 00000nam a2200000 a 4500
001 vtls001357763
003 SK-MaSNL
005 20260301010548.0
008 240314s1981 xx 0 und
035 |a SNK000311271 
040 |a SNK  |b slo  |c SNK  |e AACR2 
100 1 |a Swan, Michael,  |d 1936-  |4 aut  |9 177409 
245 1 0 |a Practical english usage 
260 |a Oxford  |b Oxford Univ. Press  |c 1981 
300 |a xxiv, 639 častí 
958 |a OND 
999 |c 548491  |d 550421 
952 |t P60, <04>, [BOOK], {604}  |a SNK  |b SNK  |y VYP  |7 0  |p 17A0182656  |o snkIB 66300/[1] D1  |0 0  |1 1  |4 0  |d 1999-03-15  |l 0  |r 2005-01-02 00:00:00  |w 2026-02-23 
952 |t P60, <04>, [BOOK], {604}  |a SNK  |b SNK  |y VYP  |7 0  |p 17A0182661  |o snkIB 66300/[2] D1  |0 0  |1 1  |4 0  |d 1999-03-15  |l 0  |r 2005-01-02 00:00:00  |w 2026-02-23 
952 |t P60, <04>, [BOOK], {604}  |a SNK  |b SNK  |y VYP  |7 0  |p 17A0182803  |o snkIB 66300/[3] D1  |0 0  |1 1  |4 0  |d 1999-03-15  |l 0  |r 2005-01-02 00:00:00  |w 2026-02-23